ბათუმის შოთა რუსთაველის სახელმწიფო უნივერსიტეტის ბიბლიოთეკა

სენფორდის სამახსოვრო ცილისწამებისა და პირადი ცხოვრების ხელშეუხებლობის უფლების შესახებ (ბიბ.ჩანაწერი № 51415)

000 -LEADER
fixed length control field 01126nam a2200241Ia 4500
001 - CONTROL NUMBER
control field 18400
003 - CONTROL NUMBER IDENTIFIER
control field GE_BSU
008 - FIXED-LENGTH DATA ELEMENTS--GENERAL INFORMATION
fixed length control field 181216s||||||||xx |||||||||||||| ||und||
040 ## - CATALOGING SOURCE
Transcribing agency GE_BSU
080 ## - UNIVERSAL DECIMAL CLASSIFICATION NUMBER
Universal Decimal Classification number 34
100 ## - MAIN ENTRY--PERSONAL NAME
Personal name სენფორდი,ბრიუს.უ.
245 ## - TITLE STATEMENT
Title სენფორდის სამახსოვრო ცილისწამებისა და პირადი ცხოვრების ხელშეუხებლობის უფლების შესახებ
245 ## - TITLE STATEMENT
Statement of responsibility, etc. მთარგმნ.:გ.მაღულარია
260 ## - PUBLICATION, DISTRIBUTION, ETC.
Place of publication, distribution, etc. თბილისი
260 ## - PUBLICATION, DISTRIBUTION, ETC.
Name of publisher, distributor, etc. ინტერნიუსი
260 ## - PUBLICATION, DISTRIBUTION, ETC.
Date of publication, distribution, etc. 2002
300 ## - PHYSICAL DESCRIPTION
Extent 40გვ.25 სმ.
520 ## - SUMMARY, ETC.
Summary, etc. პარალ. სათ. ინგლ.ენ.
653 ## - INDEX TERM--UNCONTROLLED
Uncontrolled term სამართალი
653 ## - INDEX TERM--UNCONTROLLED
Uncontrolled term სენფორდის სამახსოვრო ცილისწამებისა და პირადი ცხოვრების ხელშეუხებლობის უფლების შესახებ
942 ## - ADDED ENTRY ELEMENTS (KOHA)
Koha item type წიგნი
ეგზემპლარები
Withdrawn status Lost status Damaged status Not for loan Date acquired Barcode Date last seen Price effective from Koha item type
        2018-12-17 47143 2018-12-17 2018-12-17 წიგნი
        2018-12-17 47144 2018-12-17 2018-12-17 წიგნი
        2018-12-17 47145 2018-12-17 2018-12-17 წიგნი
        2018-12-17 47146 2018-12-17 2018-12-17 წიგნი
        2018-12-17 47147 2018-12-17 2018-12-17 წიგნი